01074cam a22003494i 4500003000900000005001700009008004100026020001500067035002700082040003300109082001700142100003200159245003100191264005000222300003800272336002100310337002500331338002300356505022800379526001000607526001000617526001000627526001000637526000800647526000800655526000800663526000800671526000800679526000800687526000800695650002100703PE-LiUPU20250731173533.0150616s r 000 0 d a0801052289 a(Sirsi) i9780801052286 aPE-LiUPUbspacPE-LiUPUerda04a241bJ722211 aJones, David Clyde,eautor.10aBiblical Christian Ethics. 1aGrand Rapids, Michigan :bBaker Books,c1994. a216 páginas ;c23 centímetros atext2rdacontent aunmediated2rdamedia avolume2rdacarrier0 aThe question of ethics.- The goal of the christian life.- The motive of the christian life.- The direction of the christian life.- The primary forms of love.- The universal norms of love.- The resolution of moral conflicts. aSEG42 aSEG41 aSEG40 aSEG39 aP94 aP87 aP86 aP85 aP77 aP76 aP3504aEtica cristiana.